000
00304nam a22001337a 4500
008
170413b xxu||||| |||| 00| 0 eng d
020
_a
9780495116691
041
_a
eng
080
_2
11TH
_a
612.39
100
_a
10
101
_a
SHM
245
_a
UNDERSTANDING NUTRITION
_c
WHITNEY, E.S
942
_2
udc
_c
BK
999
_c
10655
_d
10655